000 00888cab a22002175a 4500
001 L156690
008 120626e20120622xxk 000 0 eng d
035 _a(Sirsi) u156690
041 0 _aeng
100 1 _aEade, Christine
245 0 0 _aMarkets
_bHerts, Beds, Bucks and Oxon
260 _c2012
490 _aProperty Week
_v78(25) 22 June 2012. 39-45(5)
520 _aReviews St Alban's office market commenting on recent transactions. Outlines plans on how Bedford, one of 12 towns chosen as a Mary Portas pilot is planning to use the £50 000 grant to improve the town's retail market. Profiles Milton Keynes based Louch Shacklock & Partners. Timeline history of Douglas Duff which went into administration in April 2012.
590 _aKA
651 4 _aHertfordshire
651 4 _aBuckinghamshire
651 4 _aOxfordshire
690 _aCommercial property
_96227
942 _n0
999 _c84119
_d84119